000 00826nam a2200241 a 4500
008 120416s1977 ||||||||||||||||| || u
020 _a0901822523
050 _aHD 30.26 Spe
100 _aHarris, F. C
245 1 0 _aManagement games for use in the construction industry
260 _aAscot, Berkshire :
_bThe Institute of Building
_c1977
300 _a57 p.
350 _a0.00
490 _aOccasional paper
490 _v no. 15.
500 _aCover title. -Bibliography: p. 55.
650 0 _aMANAGEMENT
650 _aMANAGEMENT GAMES
650 _aBUILDING TRADES--MANAGEMENT
650 _aCONSTRUCTION INUSTRY--MANAGEMENT
700 _aSpeed, T. J
995 _D0.00
_FCBU-MAIN LIBRARY (Kitwe)
_H1
_I2.50
_M1
_UAVAILABLE
_ZAnnex Low-Usage Collection
999 _c49925
_d49925